| 000 | 00454nam a2200169Ia 4500 | ||
|---|---|---|---|
| 003 | GCL | ||
| 008 | 140319s9999 xx 000 0 eng d | ||
| 040 |
_aGCL / _cGCL |
||
| 082 | 0 | 4 |
_a519.5 _bW I |
| 100 | 1 | _aMERCER, DERRIK | |
| 245 | 1 | 0 |
_aINTRODUCTORY STATISTICS BUSINESS AND ECONOMICS / _cMERCER, DERRIK |
| 260 |
_a[S.N] : _bMACMILLAN PUBLISHING COMPANY ، _c1990 |
||
| 300 | _a518 P | ||
| 650 | 0 | 4 | _aECONOMICS |
| 650 | 0 | 4 | _aBUSINESS |
| 942 |
_2ddc _cBK |
||
| 999 |
_c18540 _d18540 |
||